51º [i.e. Fiftieth-One] International Art Exhibition Participating Countries, Collateral Events /

La Biennale di Venezia es una organización nacida en 1893 con el fin de integrar las grandes propuestas del Estado italiano en materia cultural. Dos años después de su fundación llevó a cabo la primera Esposizione Internazionale d'Arte, que muy probablemente constituye, junto con Documenta en Aleman...

Full description

Saved in:
Bibliographic Details
Corporate Authors: Esposizione Internazionale d'Arte ( La Biennale di Venezia), La Biennale di Venezia
Other Authors: Corral, María de (dirección) (dirección), Plessi, Fabrizio (introducción) (introducción)
Format: Conference Proceeding Book
Language:English
Published: Venecia, Italia : Nueva York, EUA : La Biennale di Venezia ; Rizzoli, 2005, c2005
Subjects:
Tags: Add Tag
No Tags, Be the first to tag this record!

MARC

LEADER 00000nam^a2200000^a^4500
001 000181539
005 20250521000000.0
009 20260310101936.004
020 |a 0-8478-2745-3 
037 |a Acervo ITESO - Biblioteca 
041 |a ING 
082 |a 708. 94531  |b ESP 2005 V. 3 
111 |a Esposizione Internazionale d'Arte (  |n 51a :  |d 2005  |c La Biennale di Venezia) 
240 1 1 |a [51º (i.e. Fiftieth-One) International Art Exhibition] 
245 1 0 |a 51º [i.e. Fiftieth-One] International Art Exhibition  |b Participating Countries, Collateral Events /  |c La Biennale di Venezia ; dir. de M. de Corral ; introd. de F. Plessi. 
264 4 |a Venecia, Italia :  |b La Biennale di Venezia ;  |a Nueva York, EUA :  |b Rizzoli,  |c 2005, c2005 
300 |a 222 p. 
336 |a texto  |b txt  |2 rdacontenido 
337 |a sin mediación  |b n  |2 rdamedio 
338 |a volumen  |b nc  |2 rdasoporte 
520 |a La Biennale di Venezia es una organización nacida en 1893 con el fin de integrar las grandes propuestas del Estado italiano en materia cultural. Dos años después de su fundación llevó a cabo la primera Esposizione Internazionale d'Arte, que muy probablemente constituye, junto con Documenta en Alemania, los eventos más importantes de su categoría. Organiza también la Mostra d'Arte Cinematografica, la Mostra Internazionale di Architettura y festivales internacionales de espectáculos en vivo, en las áreas de danza, música y teatro. 
520 |a La presente obra es el catálogo de 51a edición de la exposición de arte. Cada una de las propuestas va acompañada de breves textos explicativos. 
649 |a XX 
650 |a Arte -  |z Venecia, Italia -  |x Exposiciones -  |x Catálogos 
650 |a Arte -  |z Italia -  |x Exposiciones -  |x Catálogos 
650 |a Arte -  |x Exposiciones -  |x Catálogos 
650 |a Arte -  |x Premios 
650 |a Arte -  |y Siglo XXI 
650 |a Arte -  |x Historia y Crítica 
710 |a La Biennale di Venezia 
700 |a Corral, María de  |e (dirección) 
700 |a Plessi, Fabrizio  |e (introducción) 
910 |a Fondo General 
920 |a Impresos - Libros 
930 |a Reserva Especial 
905 |a 103 
901 |a 0500121162  |b IT1  |c REE  |u 20250521 
902 |a https://opac.biblio.iteso.mx/vufind/Record/000181539